[Event "Play for Durgesh Fundraiser Blitz"]
[Site "Vishy Anand Arena"]
[Date "2020.09.19"]
[Round "5"]
[White "S A Serock"]
[Black "Namansati"]
[Result "1-0"]
[WhiteElo "1506"]
[BlackElo "1571"]
[Annotator "NA"]
[PlyCount "39"]
[EventDate "2020.09.19"]
[EventType "swiss (blitz)"]

1. e4 e5 2. d4 exd4 3. c3 dxc3 4. Bc4 cxb2 5. Bxb2 Bb4+ 6. Nc3 Nf6 7. e5 Ne4 8. Bxf7+ Ke7 9. Nge2 Kxf7 10. Qd5+ Ke8 11. Qxe4 Bxc3+ 12. Bxc3 Nc6 13. O-O Qe7 14. Rfe1 d6 15. Nd4 Nxd4 16. Qxd4 Kd8 17. exd6 Qxd6 18. Qxg7 Rg8 19. Qxg8+ Kd7 20. Qe8# 1-0

[Event "Play for Durgesh Fundraiser Blitz"]
[Site "Vishy Anand Arena"]
[Date "2020.09.19"]
[Round "5"]
[White "Beradia"]
[Black "Vivaan_r_2204"]
[Result "1-0"]
[WhiteElo "1504"]
[BlackElo "1491"]
[Annotator "NA"]
[PlyCount "63"]
[EventDate "2020.09.19"]
[EventType "swiss (blitz)"]

1. c4 e5 2. Nc3 Nc6 3. e3 Nf6 4. d4 exd4 5. exd4 Qe7+ 6. Be2 d6 7. Nf3 Bg4 8. O-O Bxf3 9. Bxf3 O-O-O 10. Re1 Qd7 11. Bg5 h6 12. Bxf6 gxf6 13. Bg4 f5 14. Bh3 Kb8 15. Qh5 Nxd4 16. Rad1 Nc2 17. Re2 Nb4 18. a3 Nc6 19. Bxf5 Qxf5 20. Qxf5 Ne7 21. Qf6 Nc6 22. Qxh8 Be7 23. Qxh6 Bf8 24. Qf6 a6 25. Nd5 Be7 26. Nxe7 Nxe7 27. Qxe7 Rc8 28. Qxf7 a5 29. Re8 Rxe8 30. Qxe8+ Ka7 31. Qd7 b6 32. Qxc7+ 1-0

[Event "Play for Durgesh Fundraiser Blitz"]
[Site "Vishy Anand Arena"]
[Date "2020.09.19"]
[Round "5"]
[White "Sarvad64squares"]
[Black "SatvikCV"]
[Result "1-0"]
[WhiteElo "1502"]
[BlackElo "1533"]
[Annotator "NA"]
[PlyCount "95"]
[EventDate "2020.09.19"]
[EventType "swiss (blitz)"]

1. e4 e5 2. Nf3 Nc6 3. Bb5 Bc5 4. O-O Nf6 5. d3 O-O 6. Bg5 h6 7. Bh4 Be7 8. c3 d6 9. Nbd2 d5 10. Bxf6 Bxf6 11. exd5 Qxd5 12. Bc4 Qd6 13. Ne4 Qe7 14. Re1 Bf5 15. h3 Bxe4 16. Rxe4 a6 17. Qe2 b5 18. Bd5 Qc5 19. Bxc6 Qxc6 20. Nxe5 Bxe5 21. Rxe5 Rae8 22. Re1 Rxe5 23. Qxe5 f6 24. Qe6+ Qxe6 25. Rxe6 c5 26. Rxa6 Rd8 27. Ra5 Rxd3 28. Rxb5 Rd2 29. a4 Rd5 30. a5 Kf7 31. a6 Rd6 32. a7 Ra6 33. Rb7+ Ke6 34. b4 cxb4 35. cxb4 Kd6 36. b5 Ra1+ 37. Kh2 Kc5 38. b6 Kc6 39. Rb8 Rb1 40. a8=Q+ Kb5 41. Qd5+ Ka4 42. Qe4+ Kb5 43. Qxb1+ Ka6 44. Ra8+ Kb7 45. Ra7+ Kb8 46. Qe4 Kc8 47. Qc6+ Kd8 48. Qd7# 1-0

[Event "Play for Durgesh Fundraiser Blitz"]
[Site "Vishy Anand Arena"]
[Date "2020.09.19"]
[Round "5"]
[White "deborajbiswas"]
[Black "kaukik"]
[Result "1-0"]
[WhiteElo "1501"]
[BlackElo "1500"]
[Annotator "NA"]
[PlyCount "79"]
[EventDate "2020.09.19"]
[EventType "swiss (blitz)"]

1. d4 Nf6 2. Nf3 e6 3. e3 d5 4. b3 c5 5. Bb2 Nc6 6. c4 cxd4 7. exd4 Bb4+ 8. Nbd2 O-O 9. Bd3 Ne4 10. a3 Nxd2 11. Nxd2 Bd6 12. c5 Bc7 13. Nf3 e5 14. dxe5 Re8 15. O-O Bg4 16. Be2 Bf5 17. Re1 Nxe5 18. Nxe5 Bxe5 19. Bxe5 Rxe5 20. Bf3 Be4 21. Bxe4 dxe4 22. Qc2 Qe7 23. Rad1 Rxc5 24. Qxe4 Qxe4 25. Rxe4 Rc7 26. Red4 Kf8 27. g3 Rac8 28. Rd7 Ke8 29. R7d3 Ke7 30. Re3+ Kf8 31. Red3 Rc1 32. Kg2 Rxd1 33. Rxd1 Ke7 34. Rd3 Rc6 35. Kf3 Re6 36. Kg2 f6 37. h3 g5 38. Rc3 Kd7 39. Rd3+ Ke7 40. b4 1-0

[Event "Play for Durgesh Fundraiser Blitz"]
[Site "Vishy Anand Arena"]
[Date "2020.09.19"]
[Round "5"]
[White "Alan K thomas"]
[Black "Shashank N D"]
[Result "1-0"]
[WhiteElo "1500"]
[BlackElo "1431"]
[Annotator "NA"]
[PlyCount "59"]
[EventDate "2020.09.19"]
[EventType "swiss (blitz)"]

1. e4 e5 2. Nf3 Nc6 3. Bb5 d6 4. d3 a6 5. Ba4 Bg4 6. h3 Bxf3 7. Qxf3 Nf6 8. Bb3 Be7 9. Bg5 O-O 10. Nc3 h6 11. Bh4 Nd7 12. Bxe7 Qxe7 13. Nd5 Qd8 14. O-O Ne7 15. Ne3 Ng6 16. Qe2 Nc5 17. Bc4 b5 18. Bd5 Rc8 19. b4 Nd7 20. a3 c6 21. Bb3 Ra8 22. Nf5 Re8 23. Nxd6 Qc7 24. Nxf7 Kh7 25. Qg4 Nf6 26. Qf5 Rf8 27. Nh8 Rxh8 28. f4 Qc8 29. Be6 Qd8 30. Bf7 1-0

[Event "Play for Durgesh Fundraiser Blitz"]
[Site "Vishy Anand Arena"]
[Date "2020.09.19"]
[Round "5"]
[White "arjuncnilambur"]
[Black "Shreesuday"]
[Result "1-0"]
[WhiteElo "1495"]
[BlackElo "1684"]
[Annotator "NA"]
[PlyCount "99"]
[EventDate "2020.09.19"]
[EventType "swiss (blitz)"]

1. d4 Nf6 2. e3 e6 3. Nf3 Bb4+ 4. c3 Be7 5. Nbd2 d5 6. Nb3 O-O 7. Bd3 h6 8. Qc2 Nc6 9. O-O a5 10. Re1 Bd7 11. a3 a4 12. Nc5 Bxc5 13. dxc5 Qe7 14. b4 Na7 15. Bb2 Bb5 16. c4 dxc4 17. Bxc4 Bxc4 18. Qxc4 c6 19. Qf4 Nb5 20. Qg3 Qc7 21. Bxf6 Qxg3 22. hxg3 gxf6 23. Nd4 Nxd4 24. exd4 Rfd8 25. Re4 Rd5 26. Rg4+ Kh7 27. f3 Rad8 28. Rd1 e5 29. Kf2 Rxd4 30. Rgxd4 exd4 31. Ke2 Kg6 32. g4 f5 33. gxf5+ Kxf5 34. g3 h5 35. Rh1 Kg5 36. Kd3 f5 37. Re1 Rd7 38. Re5 Kf6 39. Re2 Rd5 40. Rh2 Kg6 41. Rh4 Kg5 42. Rxd4 Rxd4+ 43. Kxd4 f4 44. gxf4+ Kxf4 45. Kd3 h4 46. Ke2 Kg3 47. Kf1 Kxf3 48. Kg1 Kg3 49. Kh1 h3 50. Kg1 1-0

[Event "Play for Durgesh Fundraiser Blitz"]
[Site "Vishy Anand Arena"]
[Date "2020.09.19"]
[Round "5"]
[White "Monideepbanerjee"]
[Black "Dicedeepak"]
[Result "0-1"]
[WhiteElo "1482"]
[BlackElo "1604"]
[Annotator "NA"]
[PlyCount "88"]
[EventDate "2020.09.19"]
[EventType "swiss (blitz)"]

1. e4 c5 2. Bc4 d6 3. Nf3 e6 4. O-O g6 5. d4 cxd4 6. Nxd4 Bg7 7. c3 Nf6 8. Qe2 O-O 9. Be3 b6 10. Nd2 Bb7 11. f3 Nbd7 12. Bb3 Nc5 13. Nb5 Nxb3 14. Nxb3 Ba6 15. a4 Qd7 16. Rad1 Rad8 17. Rxd6 Bxb5 18. Rxd7 Bxe2 19. Rxd8 Rxd8 20. Re1 Bc4 21. Nd4 Nh5 22. Rd1 Rc8 23. g4 Nf6 24. e5 Ne8 25. b3 Bd5 26. c4 Bb7 27. Kg2 Bxe5 28. Nb5 a6 29. Na3 Bb2 30. Nc2 Nf6 31. Bxb6 Rc6 32. Be3 Kg7 33. Rd2 Rb6 34. Bxb6 Bc3 35. Rd3 Bb2 36. Nd4 Bc1 37. Ne2 Bh6 38. h4 Nxg4 39. Kg3 Ne5 40. Rd1 Nxf3 41. Nd4 e5 42. Nxf3 Bf4+ 43. Kg4 Bc8+ 44. Rd7 Bxd7# 0-1

[Event "Play for Durgesh Fundraiser Blitz"]
[Site "Vishy Anand Arena"]
[Date "2020.09.19"]
[Round "5"]
[White "nishu123"]
[Black "strangebhaina"]
[Result "0-1"]
[WhiteElo "1474"]
[BlackElo "1416"]
[Annotator "NA"]
[PlyCount "62"]
[EventDate "2020.09.19"]
[EventType "swiss (blitz)"]

1. e4 c5 2. c3 d6 3. Nf3 Nf6 4. Bb5+ Nc6 5. Bxc6+ bxc6 6. Qa4 e5 7. Qxc6+ Bd7 8. Qa6 Nxe4 9. O-O Be7 10. d3 Nf6 11. Bg5 O-O 12. Bxf6 Bxf6 13. Qxd6 Bf5 14. Qxd8 Rfxd8 15. Ne1 Rab8 16. Na3 Rxb2 17. Rd1 a5 18. c4 Rxa2 19. Nb5 e4 20. dxe4 Rxd1 21. f3 Be6 22. f4 Bxc4 23. e5 Be7 24. Nc7 Bxf1 25. Kxf1 Raa1 26. Kf2 Rxe1 27. Nd5 Rf1+ 28. Kg3 Ra3+ 29. Kg4 Bd8 30. Kf5 g6+ 31. Kg4 h5# 0-1

[Event "Play for Durgesh Fundraiser Blitz"]
[Site "Vishy Anand Arena"]
[Date "2020.09.19"]
[Round "5"]
[White "Parth11"]
[Black "Apply11"]
[Result "0-1"]
[WhiteElo "1469"]
[BlackElo "1865"]
[Annotator "NA"]
[PlyCount "90"]
[EventDate "2020.09.19"]
[EventType "swiss (blitz)"]

1. e4 c5 2. Nf3 e6 3. d4 cxd4 4. Nxd4 a6 5. Nc3 Qc7 6. Be3 Nf6 7. f4 Bb4 8. Qd2 Nxe4 9. Qd3 Nxc3 10. bxc3 Qxc3+ 11. Kf2 Qxa1 12. Qc4 Qe1+ 13. Kf3 Qc3 14. Qe2 O-O 15. g4 b5 16. h4 Bb7+ 17. Kg3 Bxh1 18. g5 Nc6 19. Nxc6 dxc6 20. h5 Bc5 21. Kf2 Qxe3+ 22. Qxe3 Bxe3+ 23. Kxe3 Rfd8 24. Bd3 Rxd3+ 25. cxd3 c5 26. Kf2 Rd8 27. Kf1 Rxd3 28. h6 Bd5 29. g6 hxg6 30. Ke2 Ra3 31. hxg7 Rxa2+ 32. Kd3 Kxg7 33. Kc3 b4+ 34. Kd3 Rf2 35. Ke3 Rf1 36. Ke2 Rxf4 37. Kd3 g5 38. Ke3 Rd4 39. Ke2 b3 40. Kf2 b2 41. Kg3 b1=Q 42. Kf2 Qf5+ 43. Ke3 Qe4+ 44. Kf2 Qf3+ 45. Kg1 Qg2# 0-1

[Event "Play for Durgesh Fundraiser Blitz"]
[Site "Vishy Anand Arena"]
[Date "2020.09.19"]
[Round "5"]
[White "Deer25"]
[Black "Jiakher"]
[Result "1-0"]
[WhiteElo "1467"]
[BlackElo "1384"]
[Annotator "NA"]
[PlyCount "49"]
[EventDate "2020.09.19"]
[EventType "swiss (blitz)"]

1. e4 e5 2. Nf3 Nf6 3. Nxe5 Nxe4 4. d3 f6 5. dxe4 fxe5 6. Nc3 Nc6 7. Be3 Nb4 8. a3 Nxc2+ 9. Qxc2 d6 10. Bd3 g6 11. O-O h5 12. Nd5 Bh6 13. Bxh6 Rxh6 14. Nxc7+ Qxc7 15. Qxc7 Rb8 16. Qxb8 Kd7 17. Bb5+ Ke6 18. Qxc8+ Ke7 19. Qe8+ Kf6 20. Qf8+ Kg5 21. f4+ Kg4 22. h3+ Kg3 23. Rf3+ Kh4 24. Qf6+ g5 25. Qxg5# 1-0

[Event "Play for Durgesh Fundraiser Blitz"]
[Site "Vishy Anand Arena"]
[Date "2020.09.19"]
[Round "5"]
[White "Mraa"]
[Black "Karthik12"]
[Result "1-0"]
[WhiteElo "1462"]
[BlackElo "1356"]
[Annotator "NA"]
[PlyCount "53"]
[EventDate "2020.09.19"]
[EventType "swiss (blitz)"]

1. e4 e5 2. Nf3 d5 3. exd5 Qxd5 4. Nc3 Qd8 5. Be2 Nf6 6. Nxe5 Qe7 7. Nf3 Bf5 8. O-O Ne4 9. Nxe4 Bxe4 10. d3 Bxf3 11. Bxf3 Qf6 12. Re1+ Be7 13. Bxb7 O-O 14. Bxa8 Bd6 15. Bf3 Qh4 16. g3 Qh3 17. Bg2 Qf5 18. Qf3 Qc5 19. Be3 Qxc2 20. Bxa7 c6 21. Bxb8 Bxb8 22. b3 Qc3 23. Rac1 Qb2 24. Qxc6 Qf6 25. Qxf6 gxf6 26. Re7 Bd6 27. Rd7 1-0

[Event "Play for Durgesh Fundraiser Blitz"]
[Site "Vishy Anand Arena"]
[Date "2020.09.19"]
[Round "5"]
[White "Adt1999"]
[Black "Iameture123"]
[Result "1-0"]
[WhiteElo "1457"]
[BlackElo "1346"]
[Annotator "NA"]
[PlyCount "135"]
[EventDate "2020.09.19"]
[EventType "swiss (blitz)"]

1. e4 c5 2. Nf3 Nc6 3. d4 cxd4 4. Nxd4 Nxd4 5. Qxd4 a6 6. Bc4 Nf6 7. Nc3 e6 8. Bg5 d5 9. Bxd5 exd5 10. e5 Be7 11. exf6 Bxf6 12. Bxf6 Qxf6 13. Qxf6 gxf6 14. Nxd5 Be6 15. Nxf6+ Ke7 16. Ne4 Bd5 17. Nc3 Bxg2 18. Rg1 Rhg8 19. O-O-O Rad8 20. Rge1+ Kf6 21. Rxd8 Rxd8 22. f3 Kg7 23. Rg1 Kh6 24. Rxg2 Re8 25. Re2 Rg8 26. Kd2 Rd8+ 27. Ke1 Rg8 28. Ne4 Rg1+ 29. Kf2 Rg6 30. Ng3 Rc6 31. c3 b5 32. Re7 Kg7 33. Nf5+ Kg6 34. Nd4 Rd6 35. Re4 f5 36. Re6+ Rxe6 37. Nxe6 Kf6 38. Nc7 Ke5 39. Nxa6 Kd5 40. Nc7+ Kc4 41. Ke3 b4 42. cxb4 Kxb4 43. Kf4 Kc4 44. Kxf5 Kd3 45. f4 Kc2 46. Kg5 Kxb2 47. f5 Kxa2 48. Kh6 Kb2 49. f6 Kc2 50. f7 Kd2 51. f8=Q Kd3 52. Qe7 Kd4 53. Qe6 Kd3 54. Qf5+ Kc3 55. Qxh7 Kd4 56. Qe7 Kd3 57. Qe5 Kc2 58. Qg3 Kd2 59. Qf3 Kc2 60. Qe3 Kb2 61. Kg5 Kc2 62. Kf4 Kb2 63. Ke4 Kc2 64. Kd4 Kb2 65. Qc3+ Kb1 66. Qd2 Ka1 67. Kc4 Kb1 68. Kb3 1-0

[Event "Play for Durgesh Fundraiser Blitz"]
[Site "Vishy Anand Arena"]
[Date "2020.09.19"]
[Round "5"]
[White "Gskaavya"]
[Black "HRICK2008"]
[Result "1-0"]
[WhiteElo "1454"]
[BlackElo "1522"]
[Annotator "NA"]
[PlyCount "55"]
[EventDate "2020.09.19"]
[EventType "swiss (blitz)"]

1. e4 Nf6 2. e5 Nd5 3. c4 Nb6 4. d4 d6 5. Nf3 Bg4 6. Be2 Nc6 7. d5 Bxf3 8. Bxf3 Nxe5 9. b3 g6 10. Bb2 Bg7 11. Nc3 O-O 12. O-O c6 13. dxc6 bxc6 14. Re1 Rc8 15. Qe2 Re8 16. Rad1 Qc7 17. Ne4 Nxf3+ 18. gxf3 Bxb2 19. Qxb2 d5 20. cxd5 cxd5 21. Ng3 e5 22. Rc1 Qd6 23. Kh1 Rxc1 24. Qxc1 Kg7 25. Qg5 Kh8 26. f4 exf4 27. Rxe8+ Kg7 28. Nf5# 1-0

[Event "Play for Durgesh Fundraiser Blitz"]
[Site "Vishy Anand Arena"]
[Date "2020.09.19"]
[Round "5"]
[White "aaryan jogalekar"]
[Black "Shreyansh1"]
[Result "0-1"]
[WhiteElo "1448"]
[BlackElo "1469"]
[Annotator "NA"]
[PlyCount "56"]
[EventDate "2020.09.19"]
[EventType "swiss (blitz)"]

1. e4 e5 2. Nf3 Nc6 3. Bb5 Bc5 4. Bxc6 dxc6 5. Nxe5 Nf6 6. Nc3 O-O 7. d3 Qd4 8. O-O Qxe5 9. d4 Bxd4 10. Re1 Ng4 11. Qxg4 Bxg4 12. h3 Bxc3 13. bxc3 Qxc3 14. Bf4 Be6 15. e5 f6 16. exf6 Qxf6 17. Bxc7 Qxf2+ 18. Kh1 Bd5 19. Rg1 Qh4 20. Kh2 Rf2 21. Rae1 g5 22. Bd6 g4 23. Re3 gxh3 24. Rxh3 Qf6 25. Bg3 Rxc2 26. Bh4 Qe5+ 27. Rg3+ Kf7 28. Rf1+ Ke6 0-1

[Event "Play for Durgesh Fundraiser Blitz"]
[Site "Vishy Anand Arena"]
[Date "2020.09.19"]
[Round "5"]
[White "Anant123"]
[Black "Doremon2011"]
[Result "0-1"]
[WhiteElo "1447"]
[BlackElo "1492"]
[Annotator "NA"]
[PlyCount "78"]
[EventDate "2020.09.19"]
[EventType "swiss (blitz)"]

1. e4 e5 2. Nf3 Nc6 3. Bc4 Nf6 4. d4 exd4 5. O-O Nxe4 6. Re1 d5 7. Bxd5 Qxd5 8. Nc3 Qd8 9. Rxe4+ Be6 10. Nxd4 Nxd4 11. Rxd4 Bd6 12. Ne4 O-O 13. Nxd6 cxd6 14. Rxd6 Qf6 15. Qd4 Qf5 16. Bd2 Qxc2 17. Rc1 Qf5 18. Bc3 f6 19. Re1 Bxa2 20. Re7 Qg6 21. Rdd7 Kh8 22. Rxg7 Qb1+ 23. Qd1 Qxd1+ 24. Rxd1 Kxg7 25. Rd7+ Kg8 26. Rxb7 Bd5 27. Rd7 Bc6 28. Rd6 Rfd8 29. Rxd8+ Rxd8 30. h3 f5 31. Kh2 f4 32. Be5 f3 33. g3 Rd1 34. h4 Rd2 35. Bb8 Rxf2+ 36. Kg1 Rxb2 37. Bd6 f2+ 38. Kf1 Bb5+ 39. Kg2 f1=Q# 0-1

[Event "Play for Durgesh Fundraiser Blitz"]
[Site "Vishy Anand Arena"]
[Date "2020.09.19"]
[Round "5"]
[White "Geethanjali2"]
[Black "Rohan sri hari"]
[Result "1-0"]
[WhiteElo "1446"]
[BlackElo "1482"]
[Annotator "NA"]
[PlyCount "87"]
[EventDate "2020.09.19"]
[EventType "swiss (blitz)"]

1. e4 e6 2. d4 d5 3. exd5 exd5 4. Nc3 Be6 5. Nf3 Nf6 6. Bf4 a6 7. Bd3 c5 8. Be2 Nc6 9. O-O Bd6 10. Bxd6 Qxd6 11. Re1 O-O 12. Bf1 Ng4 13. Ne5 cxd4 14. Nxg4 dxc3 15. bxc3 Bxg4 16. Qxg4 Qg6 17. Qf3 Qxc2 18. Qxd5 Qxc3 19. Rec1 Qd4 20. Qb3 Rab8 21. Bd3 Ne5 22. Qc3 Qxc3 23. Rxc3 Nxd3 24. Rxd3 Rfd8 25. Rb3 h6 26. Rab1 Kh7 27. g3 Rd7 28. a4 a5 29. Kg2 Kg6 30. Rb5 Rd2 31. Rxa5 Kh7 32. Rab5 Rd7 33. a5 Ra8 34. Rxb7 Rxb7 35. Rxb7 Rxa5 36. Rxf7 Rg5 37. Rf3 Rb5 38. h4 Rb6 39. Re3 Rb7 40. Kh3 Rd7 41. f4 Rf7 42. Kg4 Ra7 43. Re4 Ra5 44. f5 1-0

[Event "Play for Durgesh Fundraiser Blitz"]
[Site "Vishy Anand Arena"]
[Date "2020.09.19"]
[Round "5"]
[White "Spoorthikiran"]
[Black "Kmistry999"]
[Result "0-1"]
[WhiteElo "1445"]
[BlackElo "1515"]
[Annotator "NA"]
[PlyCount "56"]
[EventDate "2020.09.19"]
[EventType "swiss (blitz)"]

1. d4 Nf6 2. Nf3 d5 3. e3 Bg4 4. Bd3 g6 5. Nbd2 Bg7 6. O-O O-O 7. c4 Nbd7 8. cxd5 Nxd5 9. e4 Nf4 10. Bb1 a5 11. d5 c6 12. dxc6 bxc6 13. Nc4 Nc5 14. Bxf4 Be6 15. Qc2 Rb8 16. Bxb8 Qxb8 17. a3 Bxc4 18. Qxc4 Bxb2 19. Ra2 Bg7 20. Qxc5 Rd8 21. Bd3 Rxd3 22. Qxc6 Rc3 23. Qd7 Bf8 24. Rd1 Kg7 25. Rad2 e6 26. Qd4+ f6 27. Qxc3 Qe8 28. Rd7+ Be7 0-1

[Event "Play for Durgesh Fundraiser Blitz"]
[Site "Vishy Anand Arena"]
[Date "2020.09.19"]
[Round "5"]
[White "avibhat"]
[Black "Aarav810"]
[Result "0-1"]
[WhiteElo "1443"]
[BlackElo "1570"]
[Annotator "NA"]
[PlyCount "64"]
[EventDate "2020.09.19"]
[EventType "swiss (blitz)"]

1. d4 Nf6 2. Nc3 d5 3. Nf3 e6 4. Bg5 Be7 5. Bxf6 Bxf6 6. e4 Nc6 7. e5 Be7 8. Bb5 O-O 9. a4 a6 10. Bxc6 bxc6 11. O-O Bd7 12. Ne2 c5 13. c3 cxd4 14. cxd4 c5 15. dxc5 Bxc5 16. Qd2 Rc8 17. Ned4 Qb6 18. Rfb1 f6 19. exf6 Rxf6 20. b4 Bxd4 21. Qxd4 Qxd4 22. Nxd4 Rc4 23. Nf3 Rff4 24. Ne5 Rc7 25. b5 axb5 26. axb5 Rb7 27. b6 Be8 28. Ra8 Kf8 29. Ra7 Rb8 30. b7 Re4 31. Ra8 Rxb7 32. Rxb7 Re1# 0-1

[Event "Play for Durgesh Fundraiser Blitz"]
[Site "Vishy Anand Arena"]
[Date "2020.09.19"]
[Round "5"]
[White "Sanjith S"]
[Black "Nilaykumar2020"]
[Result "1-0"]
[WhiteElo "1439"]
[BlackElo "1540"]
[Annotator "NA"]
[PlyCount "65"]
[EventDate "2020.09.19"]
[EventType "swiss (blitz)"]

1. e4 d6 2. Nf3 c5 3. d4 cxd4 4. Nxd4 Nf6 5. Nc3 g6 6. Bc4 Nc6 7. O-O Ne5 8. Bb3 Bg7 9. f4 Nc6 10. Kh1 O-O 11. Nxc6 bxc6 12. e5 dxe5 13. fxe5 Qxd1 14. Rxd1 Ng4 15. Re1 Nxe5 16. Bf4 Ng4 17. Rxe7 Bd4 18. h3 Nf2+ 19. Kh2 Bf5 20. Be3 Bxe3 21. Rxe3 Rfe8 22. Rf3 Ne4 23. g4 Nxc3 24. Bxf7+ Kxf7 25. gxf5 Re2+ 26. Kh1 Nd5 27. fxg6+ Kxg6 28. Rg1+ Kh6 29. Rf7 Ne3 30. h4 Rd8 31. Rf6+ Kh5 32. Rf7 Kxh4 33. Rxh7# 1-0

[Event "Play for Durgesh Fundraiser Blitz"]
[Site "Vishy Anand Arena"]
[Date "2020.09.19"]
[Round "5"]
[White "Shankhodip"]
[Black "Sathvik_adiga11"]
[Result "1-0"]
[WhiteElo "1439"]
[BlackElo "1766"]
[Annotator "NA"]
[PlyCount "115"]
[EventDate "2020.09.19"]
[EventType "swiss (blitz)"]

1. e4 e5 2. Nf3 Nc6 3. Bb5 a6 4. Ba4 Nf6 5. Qe2 b5 6. Bb3 d6 7. c3 Be7 8. O-O O-O 9. d4 Bg4 10. Rd1 Re8 11. h3 Bh5 12. g4 Bg6 13. Nbd2 exd4 14. cxd4 Bf8 15. Bc2 d5 16. Nh4 Bxe4 17. Nxe4 Nxe4 18. Nf3 Nc3 19. Qd3 Ne4 20. Bg5 f6 21. Bf4 Nb4 22. Qb3 Nxc2 23. Qxc2 Bd6 24. Bxd6 Qxd6 25. Rac1 Qf4 26. Kg2 h6 27. Qxc7 Qxc7 28. Rxc7 Rac8 29. Rdc1 Nd6 30. b3 Kf8 31. Nh4 Rxc7 32. Rxc7 Rc8 33. Ng6+ Ke8 34. Rxc8+ Nxc8 35. Nf4 Nb6 36. Ne6 Ke7 37. Nxg7 Nd7 38. Nf5+ Ke6 39. Nxh6 Nb8 40. Nf5 Nc6 41. h4 Kf7 42. h5 Kg8 43. Ne3 Kh7 44. Nxd5 Nxd4 45. Nxf6+ Kh6 46. Kg3 Ne2+ 47. Kh4 Nc3 48. g5+ Kg7 49. Ng4 Ne2 50. h6+ Kg6 51. Ne5+ Kh7 52. Ng4 Nf4 53. Nf6+ Kg6 54. h7 Nd3 55. h8=Q Nxf2 56. Qg8+ Kf5 57. Qa8 Ne4 58. Qxa6 1-0

[Event "Play for Durgesh Fundraiser Blitz"]
[Site "Vishy Anand Arena"]
[Date "2020.09.19"]
[Round "5"]
[White "Sonia19861"]
[Black "IshaanKher"]
[Result "*"]
[WhiteElo "1436"]
[BlackElo "1396"]
[Annotator "NA"]
[PlyCount "46"]
[EventDate "2020.09.19"]
[EventType "swiss (blitz)"]

1. e4 e5 2. Nf3 Nf6 3. Nc3 Nc6 4. Bc4 Bc5 5. d3 d6 6. Bg5 Bg4 7. h3 Bxf3 8. Qxf3 h6 9. Bxf6 Qxf6 10. Qxf6 gxf6 11. Nd5 O-O-O 12. Nxf6 Rhg8 13. Nxg8 Rxg8 14. g3 f6 15. Bxg8 Nd4 16. O-O-O Ne2+ 17. Kb1 Nd4 18. c3 Nf3 19. Be6+ Kd8 20. d4 exd4 21. cxd4 Bxd4 22. Bg4 Bxf2 23. Bxf3 Bxg3 *

[Event "Play for Durgesh Fundraiser Blitz"]
[Site "Vishy Anand Arena"]
[Date "2020.09.19"]
[Round "5"]
[White "Shivanibai"]
[Black "Shreyash karkare"]
[Result "1-0"]
[WhiteElo "1431"]
[BlackElo "1301"]
[Annotator "NA"]
[PlyCount "45"]
[EventDate "2020.09.19"]
[EventType "swiss (blitz)"]

1. e4 c5 2. Nf3 d6 3. c4 Nf6 4. d3 e5 5. Be2 Be7 6. O-O O-O 7. Bg5 Be6 8. Nbd2 Nbd7 9. Qb3 Qa5 10. Bxf6 Nxf6 11. Ng5 Qxd2 12. Rfe1 Qxg5 13. Rad1 b6 14. Qc3 Nh5 15. Bxh5 Qxh5 16. Qd2 f5 17. exf5 Bxf5 18. Qe3 Bg5 19. Qg3 Bf4 20. Qf3 Qxh2+ 21. Kf1 Qh1+ 22. Ke2 Qh6 23. Rh1 1-0

[Event "Play for Durgesh Fundraiser Blitz"]
[Site "Vishy Anand Arena"]
[Date "2020.09.19"]
[Round "5"]
[White "maddy_ducky"]
[Black "knowledge_gm"]
[Result "0-1"]
[WhiteElo "1431"]
[BlackElo "1898"]
[Annotator "NA"]
[PlyCount "86"]
[EventDate "2020.09.19"]
[EventType "swiss (blitz)"]

1. e4 c5 2. c3 d5 3. exd5 Nf6 4. d4 Nxd5 5. Nf3 e6 6. Be2 cxd4 7. cxd4 Nc6 8. Nc3 Bb4 9. Bd2 Bxc3 10. Bxc3 b6 11. O-O O-O 12. Ne5 Bb7 13. Nxc6 Bxc6 14. Bf3 Qf6 15. Re1 Rfd8 16. Be4 Rac8 17. Rc1 Nxc3 18. bxc3 Bxe4 19. Rxe4 Rc4 20. Qd3 Rdc8 21. Ree1 b5 22. a3 a5 23. Qd2 g6 24. Qb2 Qf5 25. Re2 Qd3 26. Rec2 b4 27. axb4 axb4 28. Qb3 Rxc3 29. Rxc3 Rxc3 30. Rxc3 Qxc3 31. Qd1 b3 32. h3 b2 33. Kh2 Qc1 34. Qf3 b1=Q 35. Qa8+ Kg7 36. Qa5 Qh1+ 37. Kg3 Qb3+ 38. f3 Qe3 39. Qc5 Qhe1+ 40. Kg4 h5+ 41. Qxh5 gxh5+ 42. Kxh5 Qg3 43. f4 Qe2# 0-1

[Event "Play for Durgesh Fundraiser Blitz"]
[Site "Vishy Anand Arena"]
[Date "2020.09.19"]
[Round "5"]
[White "Chnivas"]
[Black "Ghostly"]
[Result "1-0"]
[WhiteElo "1429"]
[BlackElo "1473"]
[Annotator "NA"]
[PlyCount "77"]
[EventDate "2020.09.19"]
[EventType "swiss (blitz)"]

1. e4 e5 2. Nf3 Nc6 3. Bb5 Bc5 4. c4 Nf6 5. d3 O-O 6. O-O a6 7. Ba4 d6 8. h3 Be6 9. Nc3 b5 10. cxb5 axb5 11. Bxb5 Nd4 12. Nxd4 exd4 13. Ne2 Qb8 14. a4 Qc8 15. Bc6 Bd7 16. Bxa8 Qxa8 17. Bd2 c6 18. b4 Bb6 19. b5 cxb5 20. axb5 Qb8 21. Qa4 Rc8 22. Nxd4 Bxd4 23. Qxd4 Qxb5 24. Rfb1 Qc6 25. Bg5 Nh5 26. g4 Nf6 27. Bxf6 gxf6 28. Qxf6 Re8 29. Qg5+ Kh8 30. Rc1 Qb7 31. Qf6+ Kg8 32. Ra5 Re6 33. Rg5+ Kf8 34. Qg7+ Ke8 35. Qxh7 Qb2 36. Rf1 Qe2 37. Rg8+ Ke7 38. Qh4+ f6 39. Qh7# 1-0

[Event "Play for Durgesh Fundraiser Blitz"]
[Site "Vishy Anand Arena"]
[Date "2020.09.19"]
[Round "5"]
[White "Vvalsaraju"]
[Black "Harshpatil"]
[Result "1-0"]
[WhiteElo "1423"]
[BlackElo "1392"]
[Annotator "NA"]
[PlyCount "35"]
[EventDate "2020.09.19"]
[EventType "swiss (blitz)"]

1. e4 e5 2. f4 exf4 3. Nf3 Nc6 4. Bc4 Bc5 5. d4 Bb6 6. Bxf4 Nf6 7. Bg5 O-O 8. O-O d6 9. Nc3 Bg4 10. Nd5 h6 11. Bxf6 gxf6 12. c3 Ne7 13. Nxf6+ Kh8 14. Nxg4 Ng6 15. Qd2 Kg8 16. Nxh6+ Kg7 17. Nf5+ Kf6 18. Qg5# 1-0

[Event "Play for Durgesh Fundraiser Blitz"]
[Site "Vishy Anand Arena"]
[Date "2020.09.19"]
[Round "5"]
[White "bhaveshvyas_01"]
[Black "mightyqueen"]
[Result "0-1"]
[WhiteElo "1412"]
[BlackElo "1729"]
[Annotator "NA"]
[PlyCount "96"]
[EventDate "2020.09.19"]
[EventType "swiss (blitz)"]

1. d4 Nf6 2. Bf4 e6 3. Nf3 d5 4. e3 Bd6 5. Bg3 c5 6. c3 Nc6 7. Bb5 O-O 8. Bxc6 bxc6 9. Bxd6 Qxd6 10. O-O cxd4 11. Nxd4 Ba6 12. Re1 c5 13. Nf3 Rfd8 14. Na3 Rab8 15. b3 c4 16. b4 Ne4 17. Rc1 e5 18. Nc2 Bc8 19. Na3 Bg4 20. Rc2 Qf6 21. h3 Bxf3 22. Qxf3 Qxf3 23. gxf3 Ng5 24. Kg2 Rd6 25. h4 Ne6 26. Nb1 Rdb6 27. a3 a5 28. Nd2 axb4 29. cxb4 Rc8 30. e4 Nf4+ 31. Kf1 Rh6 32. Re3 Rxh4 33. Ke1 Rh1+ 34. Nf1 Ng2+ 35. Ke2 Nxe3 36. fxe3 d4 37. exd4 exd4 38. Rd2 d3+ 39. Ke3 Rxf1 40. Rf2 Rxf2 41. Kxf2 c3 42. Ke1 c2 43. Kd2 c1=Q+ 44. Kxd3 Rc3+ 45. Kd4 Qe3+ 46. Kd5 Rd3+ 47. Ke5 Qxf3 48. b5 Qf6# 0-1

[Event "Play for Durgesh Fundraiser Blitz"]
[Site "Vishy Anand Arena"]
[Date "2020.09.19"]
[Round "5"]
[White "Aryamegha_tumari"]
[Black "SUNMEETH PAI M"]
[Result "0-1"]
[WhiteElo "1409"]
[BlackElo "1384"]
[Annotator "NA"]
[PlyCount "98"]
[EventDate "2020.09.19"]
[EventType "swiss (blitz)"]

1. e4 e5 2. d4 Nc6 3. d5 Nd4 4. c3 Nb5 5. Bxb5 c6 6. dxc6 bxc6 7. Bc4 Qb6 8. Nf3 Bd6 9. Qxd6 Ne7 10. O-O Qd8 11. Nxe5 O-O 12. Be3 Qe8 13. Qd1 Ng6 14. Nxg6 hxg6 15. Qf3 d5 16. exd5 cxd5 17. Bxd5 Rb8 18. Nd2 Rxb2 19. Nc4 Rc2 20. Nd6 Qd7 21. Nxc8 Qxc8 22. Be4 Rxc3 23. Qe2 Qc7 24. Rac1 Rxc1 25. Rxc1 Qe5 26. Qf3 Rd8 27. Bf4 Qb2 28. Rf1 Qxa2 29. h3 a5 30. Rd1 Rxd1+ 31. Qxd1 a4 32. Bb1 Qb3 33. Qxb3 axb3 34. Kf1 Kf8 35. Ke2 Ke7 36. Kd3 Ke6 37. Kc4 g5 38. Bxg5 f6 39. Be3 b2 40. Kb3 Kd5 41. Kxb2 Kc4 42. Kc2 Kb5 43. Kd2 Kb4 44. Ke2 Kc3 45. Kf3 Kb2 46. Kg3 Kxb1 47. Kf3 Kc2 48. Kg3 Kd1 49. Kf3 Ke1 0-1